ბათუმის შოთა რუსთაველის სახელმწიფო უნივერსიტეტის ბიბლიოთეკა

Курган Иссык : (ბიბ.ჩანაწერი № 61006)

000 -LEADER
fixed length control field 00716nam a22001817a 4500
005 - DATE AND TIME OF LATEST TRANSACTION
control field 20231206104136.0
008 - FIXED-LENGTH DATA ELEMENTS--GENERAL INFORMATION
fixed length control field 231206s1978 ru ||||| |||| 00| 0 rus d
041 ## - LANGUAGE CODE
Language code of text/sound track or separate title rus
080 ## - UNIVERSAL DECIMAL CLASSIFICATION NUMBER
Universal Decimal Classification number 7.03(574.51) A-39
100 ## - MAIN ENTRY--PERSONAL NAME
Personal name Акишев, К.А.
9 (RLIN) 20596
245 ## - TITLE STATEMENT
Title Курган Иссык :
Remainder of title Искусство саков Казахстана /
Statement of responsibility, etc. К.А. Акишев.
264 ## - PRODUCTION, PUBLICATION, DISTRIBUTION, MANUFACTURE, AND COPYRIGHT NOTICE
Place of production, publication, distribution, manufacture М.:
Name of producer, publisher, distributor, manufacturer «Искусство»,
Date of production, publication, distribution, manufacture, or copyright notice 1978.
300 ## - PHYSICAL DESCRIPTION
Extent 132 c. :
Other physical details ил. ;
Dimensions 34 см.
653 ## - INDEX TERM--UNCONTROLLED
keyword გათხრები და აღმოჩენები
653 ## - INDEX TERM--UNCONTROLLED
keyword არქეოლოგია
653 ## - INDEX TERM--UNCONTROLLED
keyword ყაზახეთის საკასების ხელოვნება
942 ## - ADDED ENTRY ELEMENTS (KOHA)
Source of classification or shelving scheme
Koha item type წიგნი
ეგზემპლარები
Withdrawn status Lost status Source of classification or shelving scheme Damaged status Not for loan Permanent Location Current Location Shelving location Date acquired Cost, normal purchase price Full call number Barcode Date last seen Copy number Uniform Resource Identifier Price effective from Koha item type Public note
          ბათუმის შოთა რუსთაველის სახელმწიფო უნივერსიტეტის მთავარი ბიბლიოთეკა ბათუმის შოთა რუსთაველის სახელმწიფო უნივერსიტეტის მთავარი ბიბლიოთეკა წიგნსაცავი 2023-12-06 15.00 7.03(574.51) A-39 65532 2023-12-06 65532 ბსუ-ს საპატიო დოქტორის გურამ ლორთქიფანიძის საჩუქარი 2023-12-06 წიგნი 15 ლ.